000 00823cam a22002893a 4500
001 155
003 PGUSA
005 20140828082944.0
008 060112s2006||||xxu|||||s|||||000 1 eng d
040 _aPGUSA
_beng
042 _adc
050 4 _aPR
100 1 _aCollins, Wilkie,
_d1824-1889
245 1 4 _aThe Moonstone
_h[electronic resource] /
_cWilkie Collins
260 _bProject Gutenberg,
_c2006
506 _aPublic domain in the USA.
516 _aElectronic text
653 _aEngland -- Fiction
653 _aCountry homes -- Fiction
653 _aEast Indians -- England -- Fiction
653 _aJewelry theft -- Fiction
653 _aMystery fiction
653 _aPolice -- England -- Fiction
830 0 _aProject Gutenberg
_v155
856 4 0 _uhttp://www.gutenberg.org/ebooks/155
942 _cEB
999 _c229526
_d229526